000 00750nam a2200193Ii 4500
003 JO-AjNU
008 230605s9999||||xx |||||||||||||| ||und||
040 _aJO-AjNU
_bara
_erda
_cJO-AjNU
041 _aara
050 1 4 _aLB2131.1993
100 3 _a الأردن. وزارة التربية والتعليم,
_eauthor
_933624
245 0 0 _a وزارة التربية والتعليم: دليل المهارات الأساسية لتدريب المعلمين
264 3 1 _aعمان،الاردن:وزارة التربية والتعليم، 1993
300 _a481ص
336 _atext
_btxt
_2rdacontent
337 _aunmediated
_bn
_2rdamedia
338 _avolume
_bnc
_2rdacarrier
650 4 _aالمدرسون -- تدريب -- الأردن
_933625
999 _aA13705
_c17273
_d17273